| 000 | 00387nam a2200157Ia 4500 | ||
|---|---|---|---|
| 008 | 230917s9999||||xx |||||||||||||| ||und|| | ||
| 040 |
_e38733 _aMAIN |
||
| 041 | _aEnglish | ||
| 082 | _a823.09 C392N | ||
| 100 | _aChattopadhyay, Sisir | ||
| 245 | 0 | _aNovel as the modern epic | |
| 250 | _a2nd ed. | ||
| 260 |
_aCalcutta _bFirma K L Mukhopadhyay _c1965 |
||
| 300 | _a67 p. | ||
| 942 | _cBK | ||
| 999 |
_c53335 _d53335 |
||